Acta ethnologica Slovaca
| Médium: | Seriál |
|---|---|
| Jazyk: | slovenčina nemčina čeština ruština |
| PhysicalDescription: | 283 s. fot., mp. |
| Vydavateľské údaje: |
Bratislava
Veda
1974
|
| Predmet: |
MARC
| LEADER | 00000cas a2200000 a 4500 | ||
|---|---|---|---|
| 001 | vtls008334417 | ||
| 003 | SK-MaSNL | ||
| 005 | 20260228155831.0 | ||
| 008 | 190102d19741974xo uu 000 slo | ||
| 015 | |a SKSNBA1974/03-00713 (r. 1974) | ||
| 035 | |a SK01SNK19740026634 | ||
| 035 | |a SKM000029097 | ||
| 040 | |a SNK |b slo |c SNK |e AACR2 | ||
| 041 | 0 | |a slo |a ger |a cze |a rus |b cze |b ger | |
| 043 | |a e-xo--- | ||
| 044 | |a xo |c SK | ||
| 072 | 7 | |a 930.85 |x Dejiny civilizácie. Kultúrne dejiny |2 konspekt | |
| 080 | |a 39 |2 2011 | ||
| 080 | |a (082) |2 2011 | ||
| 080 | |a (4-191.2) |2 2011 | ||
| 080 | |a (4-12) |2 2011 | ||
| 080 | |a 930.85 |2 2011 | ||
| 245 | 0 | 0 | |a Acta ethnologica Slovaca |
| 246 | 1 | 2 | |a Kultúrne spoločenstvo a diferenciácia v strednej a juhovýchodnej Európe |f 1/1974 |
| 260 | |a Bratislava |b Veda |c 1974 | ||
| 300 | |a 283 s. |b fot., mp. | ||
| 310 | |a Periodicita nie je známa | ||
| 362 | 0 | |a 1 (1974) | |
| 504 | |a Bibliogr. odkazy ; pozn. | ||
| 546 | |a Text v nem., češ., ruš. ; res. v češ., nem. | ||
| 650 | 0 | 7 | |a etnológia |2 SNKPH |9 715 |
| 650 | 0 | 7 | |a Ethnology |2 SNKPHeng |9 265419 |
| 650 | 0 | 7 | |a kultúrne dedičstvo |2 SNKPH |9 4195 |
| 650 | 0 | 7 | |a Cultural heritage |2 SNKPHeng |9 265420 |
| 651 | 7 | |a Európa stredná |2 SNKPH |9 23970 | |
| 651 | 7 | |a Europe, Central |2 SNKPHeng |9 98219 | |
| 651 | 7 | |a Európa juhovýchodná |2 SNKPH |9 62619 | |
| 651 | 7 | |a Europe, Southeastern |2 SNKPHeng |9 265421 | |
| 655 | 7 | |a zborníky |2 SNKPH |9 70165 | |
| 655 | 7 | |a Papers of several authors |2 SNKPHeng |9 153738 | |
| 710 | 2 | |a Slovenská akadémia vied. |b Národopisný ústav |4 pbl |9 32734 | |
| 910 | |a snk | ||
| 958 | |a OND | ||
| 958 | |a RK | ||
| 958 | |a TL | ||
| 958 | |a NB | ||
| 958 | |a PB | ||
| 958 | |a SF | ||
| 958 | |a ZB | ||
| 999 | |c 699 |d 699 | ||
| 952 | |0 0 |1 0 |4 0 |7 0 |a SNK |b SNK |d 1998-01-30 |l 0 |o snkČSC 2038/1/1974 |p 17A0120434 |r 2005-01-02 00:00:00 |w 2026-02-21 |y PREZ | ||
| 952 | |0 0 |1 0 |4 0 |7 0 |a SNK |b SNK |d 2005-03-24 |i snkKSP 2079/74 |l 0 |o snkČSC 2038/1/1974 D1 |p 17A0462901 |r 2026-02-21 21:10:42 |w 2026-02-21 |y PREZ | ||


